000 00438nam a22001697a 4500
003 MPLRDC
005 20220104153833.0
008 210129b ||||| |||| 00| 0 eng d
082 _a050.1 DZWZ v.11 2000 c.3
100 _a冯强总编辑
245 _a读者文摘. 十一月号2000
_c
250 _a初版
260 _a
_b读者文摘亚洲有限公司
_c2000
300 _b
650 _a
942 _cBK
_o050.1 DZWZ v.11 2000 c.3
999 _c53647
_d53637